Normal view
MARC view
Entry Topical Term
001 - CONTROL NUMBER
- control field: 5140
003 - CONTROL NUMBER IDENTIFIER
- control field: ARRUPE
005 - DATE AND TIME OF LATEST TRANSACTION
- control field: 20131204141001.0
008 - FIXED-LENGTH DATA ELEMENTS
- fixed length control field: 131204|| aca||aabn | a|a d
040 ## - CATALOGING SOURCE
- Original cataloging agency: ARRUPE
- Transcribing agency: ARRUPE
150 ## - HEADING--TOPICAL TERM
- Topical term or geographic name as entry element: Mathematics
- General subdivision: Philosophy.
670 ## - SOURCE DATA FOUND
- Source citation: Work cat.: (ARRUPE)0: Luchins, Abraham S. 5139, Logical foundations of mathematics for behavioral scientists, [1965]